000 00573nam a2200241Ia 4500
003 OSt
005 20221007095129.0
006 a|||||r|||| 00| 0
007 ta
008 221006b |||||||| |||| 00| 0 eng d
024 _a928
037 _cTextual
040 _aLCO
_cLCO
_beng
041 _2eng
_aeng
082 _aZ2,4, M5
100 _aDESAI K
_9699086
245 0 _aLaw of torts
260 _aBombay
_bN.M.Tripathi
_c1985
300 _a215
650 _aTORT
_9690780
942 _hZ2,4, M5
_cTEXL
999 _c1170491
_d1170491